<?xml version="1.0" encoding="UTF-8"?>
<record
    xmlns:xsi="http://www.w3.org/2001/XMLSchema-instance"
    xsi:schemaLocation="http://www.loc.gov/MARC21/slim http://www.loc.gov/standards/marcxml/schema/MARC21slim.xsd"
    xmlns="http://www.loc.gov/MARC21/slim">

  <leader>01203nam a2200253   4500</leader>
  <controlfield tag="003">OSt</controlfield>
  <controlfield tag="005">20260530115303.0</controlfield>
  <controlfield tag="008">260420b2005    |||a|||| |||| 00| 0 eng d</controlfield>
  <datafield tag="020" ind1=" " ind2=" ">
    <subfield code="a">0863555217</subfield>
  </datafield>
  <datafield tag="040" ind1=" " ind2=" ">
    <subfield code="a">ICI</subfield>
    <subfield code="b">spa </subfield>
    <subfield code="c">ICI </subfield>
  </datafield>
  <datafield tag="050" ind1=" " ind2=" ">
    <subfield code="a">NK1443</subfield>
    <subfield code="b">I56 2005</subfield>
  </datafield>
  <datafield tag="100" ind1="1" ind2=" ">
    <subfield code="a">British Council </subfield>
  </datafield>
  <datafield tag="245" ind1="0" ind2="0">
    <subfield code="a"> Import export /</subfield>
    <subfield code="c">curator, Lesley Jackson</subfield>
  </datafield>
  <datafield tag="264" ind1=" " ind2="1">
    <subfield code="b">British Council,</subfield>
    <subfield code="c">2005</subfield>
    <subfield code="a">London :</subfield>
  </datafield>
  <datafield tag="300" ind1=" " ind2=" ">
    <subfield code="a">105 p&#xE1;ginas :</subfield>
    <subfield code="b">ilustraciones (principalmente a color)</subfield>
  </datafield>
  <datafield tag="336" ind1=" " ind2=" ">
    <subfield code="a">texto</subfield>
    <subfield code="2">rdacontent</subfield>
  </datafield>
  <datafield tag="337" ind1=" " ind2=" ">
    <subfield code="a">sin medio</subfield>
    <subfield code="2">rdamedia</subfield>
  </datafield>
  <datafield tag="338" ind1=" " ind2=" ">
    <subfield code="a">volumen</subfield>
    <subfield code="2">rdacarrier</subfield>
  </datafield>
  <datafield tag="500" ind1=" " ind2=" ">
    <subfield code="a">Cat&#xE1;logo de una exposici&#xF3;n itinerante internacional producida por el Departamento de Arte, Arquitectura y Dise&#xF1;o del British Council</subfield>
  </datafield>
  <datafield tag="500" ind1=" " ind2=" ">
    <subfield code="a">Dise&#xF1;adores destacados: Sandro Sodano, Alan Aboud, Shin Azumi, Tomoko Azumi, Laurent Benner, Gitta Gschwendtner, Sebastian Bergne, Lara Bohinc, Anne Kyyr&#xF6; Quinn, Tord Boontje, Lubna Chowdhary, Kei Ito, Suzanne Clements, Inacio Ribeiro, Roberto Feo, Rosario Hurtado, Mark Eley, Wakako Kishimoto, Sam Hecht, Kim Colin</subfield>
  </datafield>
  <datafield tag="650" ind1="4" ind2=" ">
    <subfield code="a"> Dise&#xF1;o</subfield>
    <subfield code="v">Exposiciones</subfield>
    <subfield code="x">Historia </subfield>
    <subfield code="y">Siglo XXI</subfield>
    <subfield code="z">Gran Breta&#xF1;a </subfield>
    <subfield code="9">7015</subfield>
  </datafield>
  <datafield tag="700" ind1="1" ind2=" ">
    <subfield code="a">Jackson, Lesley,</subfield>
    <subfield code="e">curador</subfield>
    <subfield code="9">7016</subfield>
  </datafield>
  <datafield tag="942" ind1=" " ind2=" ">
    <subfield code="2">lcc</subfield>
    <subfield code="c">BK</subfield>
  </datafield>
  <datafield tag="999" ind1=" " ind2=" ">
    <subfield code="c">12929</subfield>
    <subfield code="d">12929</subfield>
  </datafield>
</record>
